000 00279nam a2200133Ia 4500
100 _aTumitty/Thomas
942 _cBK
654 _aautocad
245 _aAUTOCAD for engineers
260 _bPrentice Hall
_c1991
082 _a621.381
_bTUM
300 _a398
546 _aENGLISH
999 _c19352
_d19352